000
00324nam a2200121Ia 4500
008
220204s9999 xx 000 0 und d
082
_a
659.4
_b
BOW
100
_a
Bower, Joseph L
245
0
_a
Public management: Text and cases
260
_a
Illinois
_b
Richard D Irwin
_c
1978
700
_a
Christenson, Charles J
942
_c
BK
999
_c
27749
_d
27749